| 000 | 00632nam a2200205 a 4500 | ||
|---|---|---|---|
| 999 |
_c3621 _d3621 |
||
| 001 | 3621 | ||
| 003 | BD-JhCC | ||
| 005 | 20171115172519.0 | ||
| 008 | 171115s1981 bg a|||| |||| 000 0 ben d | ||
| 035 | _a(BD-JhCC) | ||
| 040 |
_aBD-JhCC _dBD-JhCC |
||
| 041 | _aben | ||
| 082 |
_a891.442 _bMAR 1981 |
||
| 100 | _aমার্লো, ক্রিস্টোফার | ||
| 245 |
_aডক্টর ফস্টার / _cক্রিস্টোফার মার্লো |
||
| 260 |
_aঢাকা : _bবাংলা একাডেমী, _c১৯৮১ |
||
| 300 |
_a58 p. ; _c22 cm |
||
| 650 | _aBengali drama | ||
| 942 |
_2ddc _cBK |
||